Rozpoznaj piłkarza po karierze #2 - Statystyki

Ogólne statystyki
  • Ten quiz został rozwiązany 495 razy
  • Średni wynik to 7 z 12
Statystyki odpowiedzi
kluby piłkarz % Poprawnych
Lechia Dzierzoniów-->Zagłębie Lubin-->Cracovia-->FC Genoa-->AC Milan-->Hertha-->Fiorentina(wypożyczenie)-->Hertha(powrót z wypozycznia) Krzysztof Piątek
97%
Borussia Dortmund-->Bayern-->Borussia Dortmund-->PSV-->Eintracht Frankfurt Mario Gotze
79%
FC Sao Paulo-->Internacional-->Chelsea-->Shanghai SIPG Oscar
77%
Bayern-->Bayer(wypożycznie)-->Bayern(powrót z wypozycznia)-->Real Madryt Toni Kroos
73%
VfL Bochum-->1.FC Nürnberg-->Borussia Dotmund-->Man City Ilkay Gundogan
72%
1.FC Kaiserslautern-->Werder Bremen-->Bayern-->Lazio-->Koniec Kariery Miroslav Klose
72%
FC Barcelona-->Dinamo Zagrzeb--> RB Leipzig Dani Olmo
52%
Manchester City-->Chelsea-->Bolton(Wypożycznie)-->Chelsea(powrót z wypożycznia)-->Liverpool-->West Brom(wypożyczenie)-->Liverpool(powrót z wypożycznie)-->Trabzonspor-->Perth Glory-->obecnie bez klubu Daniel Sturridge
39%
Lens-->Toulouse-->PSG-->Tottenham-->Villarreal-->obecnie bez klubu Serge Aurier
31%
AS Roma-->Crotone-->AS Roma-->Valencia-->PSG-->Milan Alessandro Florenzi
26%
Crvena Zvezda-->Bate-->Fc Koln-->Standard Liège-->Lechia Gdansk-->Legia Warszawa Filip Mladenovic
25%
FC Nantes-->Schalke 04-->Marseille-->Schalke(powrót z wypozycznia) Amine Harit
16%
Nie znaleziono quizów pasujących do podanych kryteriów
Rozkład punktacji
Procent ludzi z każdym wynikiem
Percentyl według liczby udzielonych odpowiedzi
Twoja historia wyników
Nie rozwiązałeś tego quizu